000 00314nam a22001457a 4500
008 221007b ||||| |||| 00| 0 eng d
020 _a0444811745
041 _aeng
080 _a617
082 _a617 HIN
100 _a15.1
101 _aORTO
245 _aPLASTIC SURGERY 1992
_cHINDERER U
942 _2udc
_cBK
999 _c58416
_d58416